Anti-Bible Countries - Statistics

General Stats
  • This quiz has been taken 145 times
  • The average score is 34 of 52
Answer Stats
Country % Correct
China
91%
Iran
91%
Iraq
88%
Egypt
87%
Pakistan
85%
Saudi Arabia
85%
Afghanistan
84%
Yemen
83%
Oman
82%
India
81%
North Korea
81%
Syria
80%
Turkey
79%
Morocco
76%
Libya
75%
United Arab Emirates
75%
Algeria
74%
Jordan
74%
Sudan
74%
Bahrain
73%
Turkmenistan
73%
Niger
71%
Somalia
71%
Tunisia
70%
Vietnam
70%
Kazakhstan
69%
Tajikistan
69%
Bangladesh
68%
Lebanon
68%
Uzbekistan
68%
Kyrgyzstan
67%
Laos
67%
Kuwait
65%
Mali
65%
Mauritania
62%
Myanmar
62%
Malaysia
60%
Nepal
58%
Sri Lanka
58%
Nigeria
57%
Bhutan
56%
Eritrea
54%
Maldives
53%
Djibouti
50%
Brunei
47%
Ethiopia
45%
Central African Republic
43%
Cuba
32%
Kenya
32%
Tanzania
24%
Philippines
19%
Colombia
7%
No matching quizzes found
Score Distribution
Percent of People with Each Score
Percentile by Number Answered
Your Score History
You have not taken this quiz